Statistics for Tourism: Chinese favorites

Click here to take the quiz!

General Stats

  • This quiz has been taken 54 times
  • The average score is 11 of 20

Answer Stats

HintAnswer% Correct
country #5USA
100%
country #3Japan
89%
country #8France
87%
country #2Thailand
81%
country #4Taiwan
77%
city #2New York
74%
city #5Paris
72%
country #7Vietnam
72%
country #10Germany
62%
city #10Tokyo
60%
country #6Singapore
57%
city #3Singapore
57%
country #9Malaysia
53%
city #6Hong Kong
47%
country #1Hong Kong
47%
city #7Sydney
28%
city #4Beijing
15%
city #1Shanghai
15%
city #8Vancouver
15%
city #9Zürich
4%

Score Distribution

Percentile by Number Answered

Percent of People with Each Score

Your Score History

You have not taken this quiz